Analysis of messy data

Zapisane w:
Opis bibliograficzny
Główni autorzy: Milliken, George A. (autor), Johnson, Dallas E (Autor)
Format: Książka
Język:angielski
Wydane: Boca Ratón Chapman & Hall 1989
Hasła przedmiotowe:
Etykiety: Dodaj etykietę
Nie ma etykietki, Dołącz pierwszą etykiete!

MARC

LEADER 00000nam a2200000 a 4500
001 UCL0594
003 CL-VaPUC
008 030728e19890000US |||||||||||||||||eng|d
082 0 4 |a 519.53  |b MIL  |2 21 
100 |a Milliken, George A.  |e autor  |9 477257 
700 |a Johnson, Dallas E  |e author  |9 477258 
245 1 0 |a Analysis of messy data 
300 |a v 
942 |c BK 
945 |d 20030728 00:00:00  |a cmena 
260 |a Boca Ratón  |b Chapman & Hall  |c 1989 
500 |a v.2: Nonreplicated experiments 
650 0 |a Estadística matemática  |9 260028 
650 0 |a Datos estadísticos  |9 329380 
650 0 |a Diseño experimental   |9 259977 
583 |a last modification  |c 20030728 00:00:00  |k Rodrigo Vera 
999 |c 304411  |d 304409 
952 |0 0  |1 0  |4 0  |6 519_530000000000000_MIL_1989  |7 0  |8 A  |9 366641  |a BIBGIM  |b BIBGIM  |d 2019-11-21  |h v.2  |i 3875342  |o 519.53 MIL 1989  |p 3875342  |r 2025-01-15  |w 2019-11-21  |y BK  |k EST